000 00289nam a2200109Ia 4500
008 180205s9999 xx 000 0 und d
020 _a9789814773324
100 _aMcMurry, John
245 _aOrganic chemistry /
260 _aQuezon City
_bC & E publishing
_c2017
300 _aiii, 975 pages
999 _c354924
_d354924